[Event "FICGS class C 000004 email"]
[Site "FICGS email"]
[Date "2006.05.16"]
[Round "1"]
[White "Hrubaru, Mircea"]
[Black "Paulica, Luca"]
[Result "1-0"]
[WhiteElo "1775"]
[BlackElo "1700"]
[PlyCount "29"]
[EventDate "2006.??.??"]
[EventType "tourn (corr)"]
[EventRounds "4"]
[SourceTitle "Corr 2022"]
[Source "ChessBase"]
[SourceDate "2021.10.24"]
[SourceVersion "1"]
[SourceVersionDate "2021.10.24"]
[SourceQuality "1"]

1. e4 e5 2. f4 Bc5 3. Nf3 d6 4. c3 exf4 5. d4 Bb6 6. Bxf4 Bg4 7. h3 Bxf3 8. Qxf3 c6 9. Nd2 Nf6 10. 0-0-0 d5 11. e5 Ne4 12. Nxe4 dxe4 13. Qg4 g6 14. Bc4 Nd7 15. Bg5 1-0

[Event "FICGS class C 000004 email"]
[Site "FICGS email"]
[Date "2006.05.16"]
[Round "1"]
[White "Paulica, Luca"]
[Black "Clement, Etienne"]
[Result "0-1"]
[WhiteElo "1700"]
[BlackElo "1600"]
[PlyCount "32"]
[EventDate "2006.??.??"]
[EventType "tourn (corr)"]
[EventRounds "4"]
[SourceTitle "Corr 2022"]
[Source "ChessBase"]
[SourceDate "2021.10.24"]
[SourceVersion "1"]
[SourceVersionDate "2021.10.24"]
[SourceQuality "1"]

1. e4 c5 2. Nf3 Nc6 3. d4 cxd4 4. Nxd4 e5 5. Nb5 Nf6 6. N1c3 Bb4 7. Nd6+ Ke7 8. Nf5+ Kf8 9. Bg5 d5 10. f3 d4 11. Bxf6 Qxf6 12. a3 dxc3 13. axb4 cxb2 14. Rb1 Bxf5 15. exf5 Rd8 16. Qe2 Qh4+ 0-1